00814cam a22002291 450000100060000000300080000600500170001400800410003103500190007203500190009104000390011004100080014908200230015710000250018024501440020526000790034930000350042849000470046350000180051050400310052865100250055926489BD-RjUL20211209051026.0140322s1953 ii abef b 000 0 eng d a(BD-RjUL)26559 a(OCoLC)7526082 aDLCcNNUdOCoLCdDLCdBD-RjULbeng aeng04a954.7901bSUB 19531 aSubbarao, Bendapudi.00aBaroda through the ages :bbeing the report of an excavation conducted in the Baroda area, 1951-1952 /cWith a foreword by Hansaben Mehta. aBaroda :bFaculty of Arts, Maharaja Sayajirao University of Baroda,c1953. axiii, 130 p. ;bill. ;c29 cm. 0aM.S. University archaeology series,vno. 1 a"500 copies." aBibliographical footnotes. 0aBarodaxAntiquities.